000 00452nam a22001697a 4500
003 MPLRDC
005 20220104124515.0
008 210129b ||||| |||| 00| 0 eng d
082 _a308.9 DZR v.4
100 _a刘维生主编; 郑莲诗绘图
245 _a发明家的小故事
_c
260 _a
_b名远文化事业有限公司
_c1988
300 _b
490 _a大自然小博士. 科学常识;4
650 _a
942 _cBK
_o308.9 DZR v.4
999 _c19882
_d19872